[Event "Ruhrgebiet Bezirksliga 17/18"]
[Site "Ruhrgebiet"]
[Date "2018.01.28"]
[Round "6.6"]
[White "Junker, Timo"]
[Black "Knoepper, Werner"]
[Result "1-0"]
[WhiteElo "1792"]
[BlackElo "1530"]
[PlyCount "57"]
[EventDate "2017.09.03"]
[EventType "team-tourn"]
[EventRounds "9"]
[EventCountry "GER"]
[SourceTitle "EXT 2022"]
[Source "ChessBase"]
[SourceDate "2021.10.06"]
[SourceVersion "1"]
[SourceVersionDate "2021.10.06"]
[SourceQuality "1"]
[WhiteTeam "Ahlen SV II"]
[BlackTeam "Kamen SV IV"]
[WhiteTeamCountry "GER"]
[BlackTeamCountry "GER"]

1. e4 e6 2. d4 d5 3. Nd2 dxe4 4. Nxe4 Nf6 5. Bd3 Be7 6. Nf3 h6 7. Ne5 Nbd7 8. 0-0 Nxe5 9. dxe5 Nxe4 10. Bxe4 Qxd1 11. Rxd1 c6 12. Be3 f5 13. exf6 Bxf6 14. Bg6+ Kf8 15. Bc5+ Kg8 16. Rd3 b6 17. Bd6 Ba6 18. Re3 Bc8 19. Be8 a5 20. Bxc6 Ra7 21. Rd1 Kf7 22. Bb8 Re7 23. Bd6 Ra7 24. Rb3 Bd8 25. Rdd3 Bc7 26. Rf3+ Kg8 27. Rf8+ Kh7 28. Be4+ g6 29. Rf7+ 1-0

[Event "Ruhrgebiet Bezirksliga 16/17"]
[Site "Ruhrgebiet"]
[Date "2016.08.28"]
[Round "1.8"]
[White "Hellwig, Hugo"]
[Black "Junker, Timo"]
[Result "1/2-1/2"]
[WhiteElo "1499"]
[BlackElo "1831"]
[PlyCount "45"]
[EventDate "2016.08.28"]
[EventType "team-tourn"]
[EventRounds "11"]
[EventCountry "GER"]
[SourceTitle "EXT 2022"]
[Source "ChessBase"]
[SourceDate "2021.10.06"]
[SourceVersion "1"]
[SourceVersionDate "2021.10.06"]
[SourceQuality "1"]
[WhiteTeam "Hamm Koenigsspringer II"]
[BlackTeam "Ahlen SV II"]
[WhiteTeamCountry "GER"]
[BlackTeamCountry "GER"]

1. e4 c5 2. Nc3 Nc6 3. g3 e6 4. Bg2 Nf6 5. d3 d5 6. exd5 Nxd5 7. Nge2 Be7 8. 0-0 0-0 9. Bd2 Nf6 10. Ne4 Qc7 11. Nf4 Nxe4 12. Bxe4 Bf6 13. Rb1 g6 14. a3 Rd8 15. Qe1 Rb8 16. Bc3 Nd4 17. Bxd4 Bxd4 18. h4 b6 19. Ne2 Bg7 20. b3 Bb7 21. Bxb7 Qxb7 22. Nc3 Qf3 23. a4 1/2-1/2

[Event "GER-chT U20"]
[Site "Kelbra"]
[Date "2006.12.29"]
[Round "5.5"]
[White "Junker, Timo"]
[Black "Wall, Henrik"]
[Result "1/2-1/2"]
[WhiteElo "1729"]
[BlackElo "1938"]
[PlyCount "52"]
[EventDate "2006.12.27"]
[EventType "team-swiss"]
[EventRounds "7"]
[EventCountry "GER"]
[SourceTitle "EXT 2008"]
[Source "ChessBase"]
[SourceDate "2007.11.25"]
[SourceVersion "1"]
[SourceVersionDate "2007.11.25"]
[SourceQuality "1"]
[WhiteTeam "Muelheim Nord U20"]
[BlackTeam "Hannover Post U20"]
[WhiteTeamCountry "GER"]
[BlackTeamCountry "GER"]

1. d4 Nf6 2. Nf3 c5 3. d5 e6 4. Nc3 exd5 5. Nxd5 Nxd5 6. Qxd5 Nc6 7. e4 d6 8. Be2 Be6 9. Qh5 Nb4 10. Bd3 g6 11. Qg5 Qxg5 12. Nxg5 c4 13. Nxe6 fxe6 14. Bd2 cxd3 15. Bxb4 dxc2 16. Bc3 Rc8 17. Rc1 Bh6 18. Rxc2 Ke7 19. Ke2 Rc6 20. h4 Rhc8 21. Kd3 Bg7 22. Rhc1 Bxc3 23. Rxc3 Rxc3+ 24. Rxc3 Rxc3+ 25. Kxc3 Kf6 26. f4 h5 1/2-1/2

[Event "GER-chT U20"]
[Site "Kelbra"]
[Date "2006.12.28"]
[Round "3.5"]
[White "Berchtenbreiter, Maximilian"]
[Black "Junker, Timo"]
[Result "1-0"]
[WhiteElo "2027"]
[BlackElo "1729"]
[PlyCount "81"]
[EventDate "2006.12.27"]
[EventType "team-swiss"]
[EventRounds "7"]
[EventCountry "GER"]
[SourceTitle "EXT 2008"]
[Source "ChessBase"]
[SourceDate "2007.11.25"]
[SourceVersion "1"]
[SourceVersionDate "2007.11.25"]
[SourceQuality "1"]
[WhiteTeam "Pang/Rosenheim U20"]
[BlackTeam "Muelheim Nord U20"]
[WhiteTeamCountry "GER"]
[BlackTeamCountry "GER"]

1. e4 e6 2. d4 d5 3. e5 c5 4. c3 Nc6 5. Nf3 Bd7 6. a3 c4 7. Be2 Na5 8. Nbd2 Bc6 9. 0-0 Qd7 10. Qe1 Ba4 11. h3 Ne7 12. b4 cxb3 13. c4 Rc8 14. c5 b6 15. Nb1 Nc4 16. Bxc4 dxc4 17. cxb6 axb6 18. Nc3 Nd5 19. Nxd5 Qxd5 20. Bd2 Be7 21. Bb4 Bxb4 22. Qxb4 Qb5 23. Qc3 Qa5 24. Rfc1 0-0 25. Nd2 Qd5 26. Rab1 Rc6 27. Re1 Rd8 28. Nf3 Qa5 29. Re3 Rc7 30. Rc1 Rcc8 31. Qb2 Bb5 32. Nd2 Ba6 33. Rg3 b5 34. Ne4 Bb7 35. Nf6+ Kh8 36. Nh5 g6 37. Nf6 Ra8 38. a4 bxa4 39. Qa3 Qb5 40. Qe7 Rdb8 41. Qxf7 1-0

[Event "Ruhrgebiet VK3 0405"]
[Site "Ruhrgebiet"]
[Date "2005.02.20"]
[Round "7.4"]
[White "Hackbusch, Joern"]
[Black "Junker, Timo"]
[Result "1-0"]
[WhiteElo "1998"]
[BlackElo "1746"]
[PlyCount "95"]
[EventDate "2004.09.12"]
[EventType "team-tourn"]
[EventRounds "9"]
[EventCountry "GER"]
[SourceTitle "EXT 2006"]
[Source "ChessBase"]
[SourceDate "2005.11.24"]
[SourceVersion "1"]
[SourceVersionDate "2005.11.24"]
[SourceQuality "1"]
[WhiteTeam "Dortmund Hansa III"]
[BlackTeam "Ahlen II"]
[WhiteTeamCountry "GER"]
[BlackTeamCountry "GER"]

1. e4 e5 2. Nf3 Nf6 3. Nxe5 d6 4. Nf3 Nxe4 5. Nc3 Nxc3 6. dxc3 Be7 7. Bf4 Bg4 8. Be2 Nc6 9. Qd2 Qd7 10. 0-0-0 0-0-0 11. h3 Bh5 12. g4 Bg6 13. Rhe1 h5 14. Bb5 Bf6 15. g5 Be5 16. Bxe5 dxe5 17. Qxd7+ Rxd7 18. Rxd7 Kxd7 19. Nxe5+ Kd6 20. Bxc6 bxc6 21. Nxg6 fxg6 22. Re4 Rf8 23. f4 Rf5 24. Kd2 Ra5 25. a3 Rb5 26. Rb4 Rf5 27. Ke3 a5 28. Rb8 Ke6 29. Rg8 Rf7 30. Re8+ Kd6 31. Re5 c5 32. Ke4 c6 33. f5 gxf5+ 34. Rxf5 Re7+ 35. Kd3 Re1 36. Rf7 Rh1 37. Rxg7 Rxh3+ 38. Ke4 Rg3 39. Kf4 Rg4+ 40. Kf5 Rg2 41. Rh7 Rh2 42. Kf6 h4 43. g6 h3 44. g7 Rf2+ 45. Kg6 Rg2+ 46. Kf7 Rf2+ 47. Kg8 h2 48. Kh8 1-0

[Event "NRW-ch U18"]
[Site "Wolfsburg"]
[Date "2004.04.13"]
[Round "3"]
[White "Himpenmacher, Andy"]
[Black "Junker, Timo"]
[Result "1/2-1/2"]
[WhiteElo "1668"]
[BlackElo "1693"]
[PlyCount "30"]
[EventDate "2004.04.??"]
[EventType "swiss"]
[EventRounds "7"]
[EventCountry "GER"]
[SourceTitle "EXT 2005"]
[Source "ChessBase"]
[SourceDate "2004.11.15"]
[SourceVersion "1"]
[SourceVersionDate "2004.11.15"]
[SourceQuality "1"]

1. e4 e5 2. Nf3 Nf6 3. Nc3 d6 4. d4 exd4 5. Nxd4 Be7 6. Bc4 0-0 7. 0-0 Nbd7 8. Bg5 Nxe4 9. Bxe7 Qxe7 10. Re1 Nxc3 11. Rxe7 Nxd1 12. Rxd1 c6 13. Rde1 d5 14. Bd3 Nc5 15. Bf5 Bxf5 1/2-1/2

[Event "Ruhrgebiet-ch U18"]
[Site "Muelheim"]
[Date "2004.04.05"]
[Round "4"]
[White "Junker, Timo"]
[Black "Butschek, Tanja"]
[Result "0-1"]
[WhiteElo "1693"]
[BlackElo "1790"]
[PlyCount "100"]
[EventDate "2004.04.??"]
[EventType "swiss"]
[EventRounds "7"]
[EventCountry "GER"]
[SourceTitle "EXT 2005"]
[Source "ChessBase"]
[SourceDate "2004.11.15"]
[SourceVersion "1"]
[SourceVersionDate "2004.11.15"]
[SourceQuality "1"]

1. e4 c6 2. d4 d5 3. exd5 cxd5 4. Nf3 Nc6 5. Bf4 Nf6 6. Nbd2 Qb6 7. Nb3 Bf5 8. c3 e6 9. Bd3 Bxd3 10. Qxd3 Be7 11. 0-0 0-0 12. Ne5 Rac8 13. Bg5 Qc7 14. Nxc6 Qxc6 15. Nd2 b5 16. a3 a5 17. Rac1 h6 18. Bf4 Bd6 19. Bxd6 Qxd6 20. Nf3 b4 21. axb4 axb4 22. Ne5 Rc7 23. c4 dxc4 24. Nxc4 Qf4 25. Qe3 Nd5 26. Qe5 Rfc8 27. b3 Qg4 28. Rce1 Nf4 29. Ne3 Ne2+ 30. Kh1 Qxd4 31. Qxd4 Nxd4 32. Rb1 Rc3 33. Rb2 Rxb3 34. Rxb3 Nxb3 35. h3 Nd4 36. Rd1 e5 37. Nd5 Rb8 38. Rb1 b3 39. Ne3 f6 40. Kg1 Kf7 41. Kf1 Ke6 42. Ke1 f5 43. Kd2 f4 44. Nf1 Rc8 45. g3 Rc2+ 46. Kd3 Kd5 47. Nd2 fxg3 48. fxg3 Ra2 49. Nxb3 Ra3 50. Kc3 Rxb3+ 0-1

[Event "Dortmund op-B"]
[Site "Dortmund"]
[Date "2003.08.09"]
[Round "8"]
[White "Peutz, Arne"]
[Black "Junker, Timo"]
[Result "0-1"]
[WhiteElo "1486"]
[BlackElo "1680"]
[PlyCount "48"]
[EventDate "2003.08.01"]
[EventType "swiss"]
[EventRounds "9"]
[EventCountry "GER"]
[SourceTitle "CBM 095 Extra"]
[Source "ChessBase"]
[SourceDate "2003.09.04"]
[SourceVersion "1"]
[SourceVersionDate "2003.09.04"]
[SourceQuality "1"]

1. d4 f5 2. c4 Nf6 3. g3 g6 4. Bg2 Bg7 5. Nc3 d6 6. Nf3 0-0 7. Bg5 Qe8 8. Qd2 e5 9. dxe5 dxe5 10. Bh6 c5 11. Bxg7 Kxg7 12. 0-0-0 e4 13. Ne1 Ng4 14. e3 Ne5 15. b3 Nbc6 16. Nd5 Qf7 17. f3 exf3 18. Nxf3 Kg8 19. Ng5 Qg7 20. e4 h6 21. Nh3 fxe4 22. Nf2 Nd3+ 23. Nxd3 Qa1+ 24. Kc2 Nd4# 0-1

[Event "Ruhrgebiet-ch U18"]
[Site "Muelheim"]
[Date "2003.04.12"]
[Round "1"]
[White "Blayvas, Jan"]
[Black "Junker, Timo"]
[Result "1-0"]
[WhiteElo "2070"]
[BlackElo "1676"]
[PlyCount "33"]
[EventDate "2003.04.??"]
[EventType "tourn"]
[EventRounds "7"]
[EventCountry "GER"]
[SourceTitle "EXT 2005"]
[Source "ChessBase"]
[SourceDate "2004.11.15"]
[SourceVersion "1"]
[SourceVersionDate "2004.11.15"]
[SourceQuality "1"]

1. e4 e5 2. Nf3 Nf6 3. Nxe5 d6 4. Nf3 Nxe4 5. d4 d5 6. Bd3 Bd6 7. 0-0 0-0 8. c4 c6 9. Nc3 Nf6 10. Bg5 Be7 11. Re1 Be6 12. cxd5 Nxd5 13. Bxe7 Nxe7 14. Rxe6 fxe6 15. Ng5 Rf5 16. Bxf5 exf5 17. Qh5 1-0

[Event "NRW-ch U16"]
[Site "Winterberg"]
[Date "2002.04.04"]
[Round "5"]
[White "Grodotzki, Kenneth Alexander"]
[Black "Junker, Timo"]
[Result "1/2-1/2"]
[WhiteElo "1588"]
[BlackElo "1626"]
[PlyCount "68"]
[EventDate "2002.04.01"]
[EventType "swiss"]
[EventRounds "7"]
[EventCountry "GER"]
[SourceTitle "EXT 2003"]
[Source "ChessBase"]
[SourceDate "2002.11.25"]
[SourceVersion "1"]
[SourceVersionDate "2002.11.25"]
[SourceQuality "1"]

1. e4 e5 2. Nf3 Nf6 3. Nxe5 d6 4. Nf3 Nxe4 5. d4 d5 6. Bd3 Nf6 7. h3 Be7 8. 0-0 0-0 9. Bg5 Nc6 10. a3 Be6 11. Re1 h6 12. Bh4 Nh7 13. Bxe7 Nxe7 14. Nbd2 Bf5 15. Nf1 Bxd3 16. Qxd3 Ng6 17. Ne5 Nf4 18. Qg3 Ne6 19. c3 Nf6 20. Qd3 Ne4 21. f3 Nd6 22. Qd2 Qh4 23. Qf2 Qxf2+ 24. Kxf2 Nf4 25. Rad1 Rfe8 26. b3 f6 27. Nd3 Rxe1 28. Nxe1 Nb5 29. a4 Nxc3 30. Rc1 Nfe2 31. Rc2 Re8 32. Ne3 c6 33. Rxe2 Nxe2 34. Kxe2 Kf7 1/2-1/2